1778 1971 1425 1368 1893 1139 1126 1126 1705 1789 1950 1025 1371 1877 1891 1155 1555 1453 1959 1440 1307 1134 1531 1071 1194 1920 1388 1433 1818 1938 1800 1378 1219 1335 1651 1028 1355 1393 1424 1122 1324 1762 1987 1472 1504 1514 1503 1659 1723 1900 1769 1333 1091 1011 1191 1133 1176 1228 1089 1968 1110 1899 1374 1336 1551 1470 1163 1445 1530 1771 1590 1236 1800 1930 1165 1483 1378 1890 1939 1849 1461 1811 1122 1880 1712 1373 1556 1068 1073 1244 1895 1515 1109 1025 1631 1539 1193 1717 1605 BCNSPRNW ULIB Ver.6.0+V

เปลี่ยนเป็นภาษาไทย

Change to English
 แสดงรายละเอียดบรรณานุกรม
  กลับหน้าหลัก

Brief Record : Get Marc (ISO 2709) : E-mail record : QR code < ปิดหน้าต่าง
LEADER : 00000nam 2200000uu 4500
001    13399121434
003     ULIB
008    111121s2550||||th 000 0 tha d
020    ^a9789749468296
090    ^aนว.^bน472ม
100 0  ^aนายา
245 00 ^aมาลัยที่ปลายทาง/^cนายา
250    ^aพิมพ์ครั้งที่ 1
260    ^aกรุงเทพฯ :^bเพื่อนดี,^c2550
300    ^a415 หน้า
710 1  ^aเพื่อนดี
945    ^p310^l0^i15024
995    ^aกัณชพร
999    ^aใช้งานได้ทุกระบบ
รายการนี้ยังไม่มีแท็ก
คุณยังไม่ได้ล็อกอิน คุณสามารถมีกิจกรรมร่วมกับเว็บไซต์ได้ แต่ต้องล็อกอินก่อน ::
  ล็อกอิน

รายการสื่อสารสนเทศ

ลำดับที่ ประเภท เลขเรียก/บาร์โค้ด สถานที่ สถานะ
1. นวนิยาย
นวนิยาย
นว. น472ม ฉ.1 
  Barcode: 15024
ห้องสมุดวิทยาเขตสวรรค์ประชารักษ์
►นวนิยาย
บนชั้น
  ขอยืม

รายการใกล้เคียง
    ผู้แต่ง [นายา]

BibComment


ยังไม่เคยถูกคอมเมนท์

คอมเมนท์ทรัพยากรรายการนี้
  คอมเมนท์: มาลัยที่ปลายทาง ..


 Copyright 2026. Bcnsprnw @Library